[Event "IECG WC.2005.S.00004 email"]
[Site "IECG email"]
[Date "2003.05.19"]
[Round "?"]
[White "Steele, Scott"]
[Black "Menghi, Carlo"]
[Result "1/2-1/2"]
[WhiteElo "2173"]
[BlackElo "2477"]
[PlyCount "40"]
[EventDate "2003.05.19"]
[EventType "tourn (corr)"]
[EventRounds "10"]
[SourceTitle "Corr 2008"]
[Source "ChessBase"]
[SourceDate "2008.06.24"]
[SourceVersion "1"]
[SourceVersionDate "2008.06.24"]
[SourceQuality "1"]

1. e4 c5 2. Nf3 e6 3. d4 cxd4 4. Nxd4 Nc6 5. Nc3 a6 6. Be2 Qc7 7. 0-0 Nf6 8. Be3 Bb4 9. Na4 0-0 10. Nxc6 bxc6 11. f4 Rb8 12. Bd3 Be7 13. c4 d6 14. c5 Rd8 15. Qe2 e5 16. fxe5 dxe5 17. Bc4 Rf8 18. Bd2 Bg4 19. Qe3 Bh5 20. Bc3 Bg6 1/2-1/2

[Event "IECG WC.2002.T.00002 email"]
[Site "IECG email"]
[Date "2001.06.15"]
[Round "?"]
[White "Elburg, John"]
[Black "Menghi, Carlo"]
[Result "1-0"]
[WhiteElo "2312"]
[BlackElo "2416"]
[PlyCount "44"]
[EventDate "2001.06.15"]
[EventType "tourn (corr)"]
[EventRounds "10"]
[SourceTitle "Corr 2008"]
[Source "ChessBase"]
[SourceDate "2008.06.24"]
[SourceVersion "1"]
[SourceVersionDate "2008.06.24"]
[SourceQuality "1"]

1. e4 c5 2. Nf3 e6 3. d4 cxd4 4. Nxd4 Nc6 5. Nb5 d6 6. Bf4 e5 7. Be3 a6 8. N5c3 Nf6 9. Bg5 Be7 10. Bxf6 Bxf6 11. Nd2 0-0 12. Nc4 Be6 13. Qxd6 Qxd6 14. Nxd6 b5 15. Bd3 g6 16. Nd5 Bxd5 17. exd5 Nb4 18. Be4 Be7 19. Nb7 f5 20. a3 fxe4 21. axb4 Bxb4+ 22. c3 Rf7 1-0

[Event "Capablanca mem corr"]
[Site "Cuba"]
[Date "2001.02.01"]
[Round "?"]
[White "Bueno, Telmo Sebastiao"]
[Black "Menghi, Carlo"]
[Result "1/2-1/2"]
[WhiteElo "2378"]
[BlackElo "2390"]
[PlyCount "67"]
[EventDate "2003.??.??"]
[EventType "tourn (corr)"]
[EventRounds "14"]
[EventCountry "CUB"]
[SourceTitle "Telechess CBM 096"]
[Source "ChessBase"]
[SourceDate "2003.09.25"]
[SourceVersion "1"]
[SourceVersionDate "2003.09.25"]
[SourceQuality "1"]

1. e4 e5 2. Nf3 Nc6 3. Bb5 a6 4. Ba4 Nf6 5. 0-0 Be7 6. Re1 b5 7. Bb3 0-0 8. c3 d6 9. h3 h6 10. d4 Re8 11. Nbd2 Bf8 12. Nf1 Bd7 13. Ng3 Na5 14. Bc2 Nc4 15. b3 Nb6 16. Qe2 c5 17. d5 Qc7 18. c4 Reb8 19. Rb1 Rb7 20. Bb2 Rab8 21. Ba1 g6 22. Bd3 bxc4 23. bxc4 Bg7 24. Rb3 a5 25. Rbb1 Na4 26. Rxb7 Rxb7 27. Qd2 Qb6 28. Bc2 Qa6 29. Qe2 h5 30. Rb1 Rxb1+ 31. Bxb1 Qb6 32. Bd3 Bh6 33. Qc2 Qb4 34. Nf1 1/2-1/2

[Event "Capablanca mem corr"]
[Site "Cuba"]
[Date "2001.02.01"]
[Round "?"]
[White "Menghi, Carlo"]
[Black "Balabaev, Farit Gasisovich"]
[Result "1/2-1/2"]
[WhiteElo "2390"]
[BlackElo "2271"]
[PlyCount "43"]
[EventDate "2003.??.??"]
[EventType "tourn (corr)"]
[EventRounds "14"]
[EventCountry "CUB"]
[SourceTitle "Telechess CBM 096"]
[Source "ChessBase"]
[SourceDate "2003.09.25"]
[SourceVersion "1"]
[SourceVersionDate "2003.09.25"]
[SourceQuality "1"]

1. e4 c5 2. Nc3 Nc6 3. Nge2 Nf6 4. d4 cxd4 5. Nxd4 e5 6. Ndb5 d6 7. Bg5 a6 8. Na3 b5 9. Bxf6 gxf6 10. Nd5 f5 11. c3 Bg7 12. exf5 Bxf5 13. Nc2 Be6 14. Nce3 Ne7 15. g3 Nxd5 16. Nxd5 0-0 17. Bg2 a5 18. 0-0 Rb8 19. a3 f5 20. Qd2 Kh8 21. Rad1 Qd7 22. Rfe1 1/2-1/2

[Event "Capablanca mem corr"]
[Site "Cuba"]
[Date "2001.02.01"]
[Round "?"]
[White "Menghi, Carlo"]
[Black "Lopez Gomez, Jose Ramon"]
[Result "1-0"]
[WhiteElo "2390"]
[BlackElo "2378"]
[PlyCount "89"]
[EventDate "2003.??.??"]
[EventType "tourn (corr)"]
[EventRounds "14"]
[EventCountry "CUB"]
[SourceTitle "Telechess CBM 096"]
[Source "ChessBase"]
[SourceDate "2003.09.25"]
[SourceVersion "1"]
[SourceVersionDate "2003.09.25"]
[SourceQuality "1"]

1. e4 c5 2. Nc3 d6 3. f4 g6 4. Nf3 Bg7 5. Bc4 e6 6. 0-0 Nc6 7. d3 Nge7 8. Qe1 h6 9. Bb3 a6 10. Bd2 b5 11. a3 Bb7 12. Qg3 Rc8 13. Rae1 c4 14. dxc4 bxc4 15. Bxc4 Nd4 16. Bd3 Nxf3+ 17. Qxf3 0-0 18. Qf2 f5 19. Kh1 fxe4 20. Nxe4 Bxb2 21. Rb1 Bxe4 22. Bxe4 Bc3 23. Bb7 Rc5 24. Be3 Rb5 25. Bxa6 Rxb1 26. Rxb1 Nf5 27. Bb6 Qf6 28. a4 Ne7 29. Bb7 Qxf4 30. Qxf4 Rxf4 31. a5 Bd4 32. Bxd4 Rxd4 33. Ra1 Rc4 34. a6 Nc8 35. Bxc8 Rxc8 36. a7 Ra8 37. Kg1 Kf7 38. Kf2 Ke7 39. Ke3 Kd7 40. Kd4 Kc7 41. Ra6 Kd7 42. c4 Kc7 43. c5 dxc5+ 44. Kxc5 Kb7 45. Kb5 1-0

[Event "Capablanca mem corr"]
[Site "Cuba"]
[Date "2001.02.01"]
[Round "?"]
[White "Menghi, Carlo"]
[Black "Pugh, John"]
[Result "1/2-1/2"]
[WhiteElo "2390"]
[BlackElo "2441"]
[PlyCount "117"]
[EventDate "2003.??.??"]
[EventType "tourn (corr)"]
[EventRounds "14"]
[EventCountry "CUB"]
[SourceTitle "Telechess CBM 096"]
[Source "ChessBase"]
[SourceDate "2003.09.25"]
[SourceVersion "1"]
[SourceVersionDate "2003.09.25"]
[SourceQuality "1"]

1. e4 c5 2. Nc3 Nc6 3. Nge2 d6 4. d4 cxd4 5. Nxd4 Nf6 6. Bg5 e6 7. Qd2 a6 8. 0-0-0 Bd7 9. f3 Be7 10. h4 Rc8 11. Kb1 h5 12. Nxc6 Bxc6 13. Bd3 b5 14. Rhe1 b4 15. Ne2 Qb6 16. Be3 Qb7 17. Nd4 Bd7 18. Qe2 Ra8 19. Bg5 Qb6 20. Bc4 a5 21. f4 Rc8 22. e5 dxe5 23. fxe5 Nd5 24. Bxd5 Bxg5 25. Bxe6 Bxe6 26. Nxe6 Qxe6 27. hxg5 Qc4 28. Qxc4 Rxc4 29. Rd5 Rg4 30. Rxa5 Ke7 31. Re2 Rd8 32. b3 Rxg5 33. Ra7+ Ke6 34. Ra6+ Kf5 35. a3 bxa3 36. Rxa3 Rg4 37. Ra7 Ke6 38. Ra6+ Kf5 39. Rd6 Rb8 40. Kb2 h4 41. c3 Rg3 42. Rd5 Ke6 43. Rc5 g5 44. b4 g4 45. Rc6+ Kd7 46. Rh6 h3 47. gxh3 gxh3 48. Rd2+ Ke7 49. Kc2 Ra8 50. Rd5 h2 51. Kb3 Rg2 52. Ra5 Rxa5 53. bxa5 Kd7 54. Kc4 Kc7 55. a6 Kb8 56. Rh7 Rd2 57. Kc5 Ra2 58. c4 Rd2 59. Kb6 1/2-1/2

[Event "Capablanca mem corr"]
[Site "Cuba"]
[Date "2001.02.01"]
[Round "?"]
[White "Menghi, Carlo"]
[Black "Surroca Collazo, Angel"]
[Result "1/2-1/2"]
[WhiteElo "2390"]
[BlackElo "2419"]
[PlyCount "41"]
[EventDate "2003.??.??"]
[EventType "tourn (corr)"]
[EventRounds "14"]
[EventCountry "CUB"]
[SourceTitle "Telechess CBM 096"]
[Source "ChessBase"]
[SourceDate "2003.09.25"]
[SourceVersion "1"]
[SourceVersionDate "2003.09.25"]
[SourceQuality "1"]

1. e4 c5 2. Nc3 Nc6 3. Nge2 e6 4. d4 cxd4 5. Nxd4 a6 6. Nxc6 bxc6 7. Bd3 d5 8. 0-0 Bd6 9. Re1 Ne7 10. Qh5 Rb8 11. a3 Qc7 12. e5 Bc5 13. Nd1 Ng6 14. b4 Be7 15. c3 Bb7 16. Nb2 c5 17. Bd2 Qc6 18. Qe2 0-0 19. Rac1 Qd7 20. Qh5 d4 21. Qg4 1/2-1/2

[Event "Capablanca mem corr"]
[Site "Cuba"]
[Date "2001.02.01"]
[Round "?"]
[White "Salcedo Mederos, Pablo"]
[Black "Menghi, Carlo"]
[Result "1/2-1/2"]
[WhiteElo "2378"]
[BlackElo "2390"]
[PlyCount "48"]
[EventDate "2003.??.??"]
[EventType "tourn (corr)"]
[EventRounds "14"]
[EventCountry "CUB"]
[SourceTitle "Telechess CBM 096"]
[Source "ChessBase"]
[SourceDate "2003.09.25"]
[SourceVersion "1"]
[SourceVersionDate "2003.09.25"]
[SourceQuality "1"]

1. d4 d5 2. c4 c6 3. Nf3 Nf6 4. e3 Bf5 5. Bd3 Bxd3 6. Qxd3 e6 7. 0-0 Nbd7 8. Nbd2 Be7 9. b3 0-0 10. Bb2 Qa5 11. a3 b5 12. cxd5 cxd5 13. b4 Qb6 14. Nb3 a6 15. Nc5 Qd6 16. a4 Nb6 17. Ne5 Nxa4 18. Nxa4 bxa4 19. Rxa4 Nd7 20. Rfa1 Nxe5 21. dxe5 Qd7 22. Rxa6 Rxa6 23. Rxa6 Bxb4 24. Rb6 Qe7 1/2-1/2

[Event "Capablanca mem corr"]
[Site "Cuba"]
[Date "2001.02.01"]
[Round "?"]
[White "Yanes Valdes, Orlando"]
[Black "Menghi, Carlo"]
[Result "1/2-1/2"]
[WhiteElo "2592"]
[BlackElo "2390"]
[PlyCount "47"]
[EventDate "2003.??.??"]
[EventType "tourn (corr)"]
[EventRounds "14"]
[EventCountry "CUB"]
[SourceTitle "Telechess CBM 096"]
[Source "ChessBase"]
[SourceDate "2003.09.25"]
[SourceVersion "1"]
[SourceVersionDate "2003.09.25"]
[SourceQuality "1"]

1. e4 e5 2. Nf3 Nf6 3. d4 Nxe4 4. Bd3 d5 5. Nxe5 Nd7 6. Nxd7 Bxd7 7. 0-0 Bd6 8. c4 c6 9. cxd5 cxd5 10. Qh5 0-0 11. Qxd5 Bc6 12. Qh5 g6 13. Qh3 Bb4 14. Be3 Re8 15. a3 Ba5 16. Rc1 Rc8 17. Bxe4 Bxe4 18. Rxc8 Qxc8 19. Qxc8 Rxc8 20. Nc3 Bxc3 21. Rc1 f6 22. f3 Bd5 23. Kf2 Be1+ 24. Rxe1 1/2-1/2

[Event "IECG WC.2002.S.00004 email"]
[Site "IECG email"]
[Date "2000.??.??"]
[Round "?"]
[White "Makovsky, Petr"]
[Black "Menghi, Carlo"]
[Result "0-1"]
[WhiteElo "2309"]
[BlackElo "2422"]
[PlyCount "78"]
[EventDate "2000.03.10"]
[EventType "tourn (corr)"]
[EventRounds "8"]
[SourceTitle "Corr 2008"]
[Source "ChessBase"]
[SourceDate "2008.06.24"]
[SourceVersion "1"]
[SourceVersionDate "2008.06.24"]
[SourceQuality "1"]

1. e4 e5 2. Nf3 Nc6 3. Bc4 Bc5 4. c3 Nf6 5. d4 exd4 6. cxd4 Bb4+ 7. Nc3 Nxe4 8. 0-0 Bxc3 9. d5 Bf6 10. Re1 Ne7 11. Rxe4 d6 12. Bg5 Bxg5 13. Nxg5 h6 14. Qe2 hxg5 15. Re1 Be6 16. dxe6 f6 17. Re3 c6 18. Rh3 Rxh3 19. gxh3 g6 20. Rd1 d5 21. Qf3 Ng8 22. h4 f5 23. h5 Qf6 24. Bd3 Qxe6 25. hxg6 Ne7 26. g7 Kd7 27. b4 Qe5 28. b5 g4 29. bxc6+ bxc6 30. Qg3 Qxg3+ 31. fxg3 Rb8 32. Rf1 Ke6 33. h4 gxh3 34. g4 Rg8 35. gxf5+ Kf6 36. Kh2 Rxg7 37. Kxh3 c5 38. Rd1 Nc6 39. Bc4 dxc4 0-1

[Event "IECG WC.2002.S.00004 email"]
[Site "IECG email"]
[Date "2000.??.??"]
[Round "?"]
[White "Menghi, Carlo"]
[Black "Garay, Luis M"]
[Result "1/2-1/2"]
[WhiteElo "2422"]
[BlackElo "2261"]
[PlyCount "37"]
[EventDate "2000.03.10"]
[EventType "tourn (corr)"]
[EventRounds "8"]
[SourceTitle "Corr 2008"]
[Source "ChessBase"]
[SourceDate "2008.06.24"]
[SourceVersion "1"]
[SourceVersionDate "2008.06.24"]
[SourceQuality "1"]

1. e4 e5 2. Nf3 Nc6 3. Bb5 a6 4. Ba4 Nf6 5. 0-0 Be7 6. Re1 b5 7. Bb3 0-0 8. a4 Bb7 9. d3 d6 10. c3 Nb8 11. Nbd2 Nbd7 12. Bc2 Re8 13. Nf1 Bf8 14. Ng3 g6 15. d4 c5 16. b3 Qc7 17. d5 Bg7 18. Bd3 c4 19. bxc4 1/2-1/2

[Event "David Lodge mem email"]
[Site "England"]
[Date "2000.??.??"]
[Round "?"]
[White "Menghi, Carlo"]
[Black "Martins Barriga, Floriano de los Ang"]
[Result "1-0"]
[WhiteElo "2426"]
[BlackElo "2393"]
[PlyCount "85"]
[EventDate "2000.07.15"]
[EventType "tourn (corr)"]
[EventRounds "14"]
[EventCountry "ENG"]
[SourceTitle "Corr 2002"]
[Source "ChessBase"]
[SourceDate "2002.05.23"]
[SourceVersion "1"]
[SourceVersionDate "2002.05.23"]
[SourceQuality "1"]

1. e4 e6 2. d4 d5 3. Nd2 dxe4 4. Nxe4 Bd7 5. Nf3 Bc6 6. Bd3 Nd7 7. 0-0 Ngf6 8. Ng3 Be7 9. b3 Bxf3 10. Qxf3 c6 11. Bb2 Qa5 12. c4 0-0 13. a3 Qd2 14. Bc1 Qa5 15. Bb2 Qd2 16. Bc3 Qg5 17. Rfe1 Bd6 18. Ne4 Nxe4 19. Bxe4 Nf6 20. Bc2 Qf4 21. Qh3 h6 22. g3 Qg4 23. Qg2 Nh7 24. f4 Rfd8 25. Re2 Nf8 26. Be1 f5 27. Bc3 Rd7 28. b4 Rad8 29. d5 exd5 30. cxd5 cxd5 31. Ba4 Rc7 32. Bd4 Qg6 33. Rae1 Kh8 34. Be8 Qh7 35. Bxa7 Rc3 36. Bd4 Rxa3 37. Qxd5 b5 38. Bf7 Raa8 39. Re8 Rxe8 40. Rxe8 Rxe8 41. Bxe8 Bxb4 42. Bf7 h5 43. Bc5 1-0

[Event "David Lodge mem email"]
[Site "England"]
[Date "2000.??.??"]
[Round "?"]
[White "Menghi, Carlo"]
[Black "Reis, Cesar Roberto da Si"]
[Result "1/2-1/2"]
[WhiteElo "2426"]
[BlackElo "2273"]
[PlyCount "35"]
[EventDate "2000.07.15"]
[EventType "tourn (corr)"]
[EventRounds "14"]
[EventCountry "ENG"]
[SourceTitle "Corr 2002"]
[Source "ChessBase"]
[SourceDate "2002.05.23"]
[SourceVersion "1"]
[SourceVersionDate "2002.05.23"]
[SourceQuality "1"]

1. e4 c6 2. d4 d5 3. Nc3 dxe4 4. Nxe4 Bf5 5. Ng3 Bg6 6. h4 h6 7. Nf3 Nd7 8. h5 Bh7 9. Bd3 Bxd3 10. Qxd3 Qc7 11. Bd2 e6 12. 0-0-0 Ngf6 13. Ne4 0-0-0 14. g3 Nxe4 15. Qxe4 Be7 16. Kb1 Rhe8 17. c4 c5 18. Bf4 1/2-1/2

[Event "David Lodge mem email"]
[Site "England"]
[Date "2000.??.??"]
[Round "?"]
[White "Menghi, Carlo"]
[Black "Rhodes, John D"]
[Result "1-0"]
[WhiteElo "2426"]
[BlackElo "2327"]
[PlyCount "113"]
[EventDate "2000.07.15"]
[EventType "tourn (corr)"]
[EventRounds "14"]
[EventCountry "ENG"]
[SourceTitle "Corr 2002"]
[Source "ChessBase"]
[SourceDate "2002.05.23"]
[SourceVersion "1"]
[SourceVersionDate "2002.05.23"]
[SourceQuality "1"]

1. e4 e5 2. Nf3 Nc6 3. Bb5 f5 4. Nc3 fxe4 5. Nxe4 d5 6. Nxe5 dxe4 7. Nxc6 Qg5 8. Qe2 Nf6 9. f4 Qxf4 10. Ne5+ c6 11. d4 Qh4+ 12. g3 Qh3 13. Bc4 Be6 14. Bg5 0-0-0 15. 0-0-0 Bd6 16. Qf1 Rhe8 17. Bxf6 Qh6+ 18. Rd2 Qxf6 19. Qxf6 gxf6 20. Bxe6+ Rxe6 21. Nf7 Rd7 22. Nh6 Bc7 23. Nf5 Rd5 24. Rf1 Bb6 25. c3 Kd7 26. g4 Ra5 27. a3 Bc7 28. h3 Rd5 29. Kc2 Re8 30. Rdf2 b5 31. Ng7 Re7 32. Nh5 Kc8 33. Rxf6 e3 34. Rxc6 Kb7 35. Rcf6 Rxh5 36. gxh5 e2 37. Re1 Bg3 38. Kd2 Bh4 39. Rf5 Bxe1+ 40. Kxe1 Kc6 41. Rc5+ Kb6 42. Re5 Rg7 43. Rxe2 Kc6 44. Re6+ Kd5 45. Re5+ Kc6 46. Kf2 Rf7+ 47. Ke2 a5 48. a4 bxa4 49. Rxa5 Rb7 50. Rxa4 Rxb2+ 51. Kd3 Rh2 52. Ra6+ Kb5 53. Rh6 Rxh3+ 54. Ke4 Rxc3 55. Rxh7 Rc8 56. h6 Re8+ 57. Kf5 1-0

[Event "IECG WC.2002.S.00004 email"]
[Site "IECG email"]
[Date "2000.??.??"]
[Round "?"]
[White "Menghi, Carlo"]
[Black "Vnukov, Denis"]
[Result "1/2-1/2"]
[WhiteElo "2422"]
[BlackElo "1445"]
[PlyCount "34"]
[EventDate "2000.03.10"]
[EventType "tourn (corr)"]
[EventRounds "8"]
[SourceTitle "Corr 2008"]
[Source "ChessBase"]
[SourceDate "2008.06.24"]
[SourceVersion "1"]
[SourceVersionDate "2008.06.24"]
[SourceQuality "1"]

1. e4 e6 2. d4 d5 3. Nc3 Nf6 4. Bg5 Be7 5. e5 Nfd7 6. Bxe7 Qxe7 7. f4 0-0 8. Nf3 c5 9. Qd2 Nc6 10. 0-0-0 a6 11. dxc5 Nxc5 12. Bd3 b5 13. Qe3 Nxd3+ 14. cxd3 Bd7 15. Kb1 b4 16. Ne2 Rfc8 17. Rc1 Ra7 1/2-1/2

[Event "David Lodge mem email"]
[Site "England"]
[Date "2000.??.??"]
[Round "?"]
[White "Santagata, Carlo"]
[Black "Menghi, Carlo"]
[Result "1/2-1/2"]
[WhiteElo "2449"]
[BlackElo "2426"]
[PlyCount "47"]
[EventDate "2000.07.15"]
[EventType "tourn (corr)"]
[EventRounds "14"]
[EventCountry "ENG"]
[SourceTitle "Corr 2002"]
[Source "ChessBase"]
[SourceDate "2002.05.23"]
[SourceVersion "1"]
[SourceVersionDate "2002.05.23"]
[SourceQuality "1"]

1. e4 c5 2. Nf3 e6 3. d4 cxd4 4. Nxd4 Qb6 5. Nb3 Qc7 6. Nc3 a6 7. Bd3 b5 8. 0-0 Bb7 9. f4 Nf6 10. Qe2 d6 11. e5 Nfd7 12. exd6 Bxd6 13. Ne4 Be7 14. f5 exf5 15. Bf4 Qb6+ 16. Be3 Qc7 17. Rxf5 0-0 18. Nec5 g6 19. Qf2 Nxc5 20. Nxc5 Bc8 21. Rf3 Nd7 22. Nxd7 Bxd7 23. Bb6 Qd6 24. Rd1 1/2-1/2

[Event "Luxembourg-chT 9899"]
[Site "Luxembourg"]
[Date "1999.03.14"]
[Round "9"]
[White "Niklasch, Oliver"]
[Black "Menghi, Carlo"]
[Result "1-0"]
[WhiteElo "2290"]
[BlackElo "2245"]
[PlyCount "45"]
[EventDate "1998.10.08"]
[EventType "team-tourn"]
[EventRounds "10"]
[EventCountry "LUX"]
[SourceTitle "EXT 2005"]
[Source "ChessBase"]
[SourceDate "2004.11.15"]
[SourceVersion "1"]
[SourceVersionDate "2004.11.15"]
[SourceQuality "1"]

1. c4 Nf6 2. Nc3 g6 3. e4 Bg7 4. d4 d6 5. h3 0-0 6. Bg5 c5 7. d5 e6 8. Bd3 h6 9. Be3 exd5 10. cxd5 Re8 11. Nf3 Na6 12. 0-0 Nc7 13. Qd2 Kh7 14. Rfe1 b5 15. e5 b4 16. Ne4 Nxe4 17. Bxe4 f5 18. exd6 Na6 19. Bd3 Qxd6 20. Bf4 Rxe1+ 21. Rxe1 Qxd5 22. Re7 Qd8 23. Qe3 1-0

[Event "Luxembourg-chT 9899"]
[Site "Luxembourg"]
[Date "1999.01.24"]
[Round "7"]
[White "Karp, Serge"]
[Black "Menghi, Carlo"]
[Result "1-0"]
[WhiteElo "2190"]
[BlackElo "2245"]
[PlyCount "47"]
[EventDate "1998.10.08"]
[EventType "team-tourn"]
[EventRounds "10"]
[EventCountry "LUX"]
[SourceTitle "EXT 2005"]
[Source "ChessBase"]
[SourceDate "2004.11.15"]
[SourceVersion "1"]
[SourceVersionDate "2004.11.15"]
[SourceQuality "1"]

1. d4 d6 2. e4 Nf6 3. Nc3 c6 4. f3 Nbd7 5. Be3 e5 6. Nge2 Be7 7. Qd2 0-0 8. g4 exd4 9. Nxd4 Ne5 10. Qg2 g6 11. h3 Re8 12. 0-0-0 h5 13. Bg5 Ned7 14. gxh5 Nxh5 15. Bxe7 Rxe7 16. Nf5 Re5 17. Nxd6 Rg5 18. Qd2 Ng3 19. f4 Rc5 20. Rg1 Nxf1 21. Rdxf1 Rh5 22. e5 Nf8 23. Nce4 Kg7 24. Nf6 1-0

[Event "IECG email"]
[Site "IECG email"]
[Date "1999.??.??"]
[Round "?"]
[White "Kovacs, Arthur"]
[Black "Menghi, Carlo"]
[Result "0-1"]
[WhiteElo "2077"]
[BlackElo "2235"]
[PlyCount "56"]
[EventDate "1999.12.04"]
[EventType "tourn (corr)"]
[EventRounds "6"]
[SourceTitle "Corr 2004"]
[Source "ChessBase"]
[SourceDate "2003.04.28"]
[SourceVersion "3"]
[SourceVersionDate "2003.04.28"]
[SourceQuality "1"]

1. d4 Nf6 2. Nf3 g6 3. c4 Bg7 4. Nc3 d5 5. Bf4 0-0 6. e3 c5 7. dxc5 Ne4 8. Rc1 Nxc3 9. bxc3 dxc4 10. Qxd8 Rxd8 11. Bxc4 Nd7 12. Bc7 Rf8 13. c6 bxc6 14. Nd4 c5 15. Nc6 Bf6 16. 0-0 Nb6 17. Bb5 Be6 18. c4 Rfc8 19. Be5 Bxe5 20. Nxe5 f6 21. Nc6 Rc7 22. Rfd1 a6 23. Rd8+ Rxd8 24. Nxd8 axb5 25. Nxe6 Rc6 26. Nd8 Rc8 27. Nb7 Nxc4 28. a4 b4 0-1

[Event "IECG CM.1999.0.00068"]
[Site "IECG email"]
[Date "1999.??.??"]
[Round "?"]
[White "Lund, Jens Dahlen"]
[Black "Menghi, Carlo"]
[Result "1/2-1/2"]
[WhiteElo "2188"]
[BlackElo "2235"]
[PlyCount "32"]
[EventDate "1999.02.15"]
[EventType "tourn (corr)"]
[EventRounds "6"]
[SourceTitle "Corr 2008"]
[Source "ChessBase"]
[SourceDate "2008.06.24"]
[SourceVersion "1"]
[SourceVersionDate "2008.06.24"]
[SourceQuality "1"]

1. d4 Nf6 2. Nf3 g6 3. c4 Bg7 4. g3 0-0 5. Bg2 d6 6. Nc3 Nbd7 7. 0-0 e5 8. e4 a6 9. d5 Ne8 10. Bd2 c5 11. Qe2 Rb8 12. Rab1 Nc7 13. Rfc1 b5 14. cxb5 Nxb5 15. Nxb5 axb5 16. b4 c4 1/2-1/2

[Event "IECG email"]
[Site "IECG email"]
[Date "1999.??.??"]
[Round "?"]
[White "Menghi, Carlo"]
[Black "Kovacs, Arthur"]
[Result "1-0"]
[WhiteElo "2235"]
[BlackElo "2077"]
[PlyCount "39"]
[EventDate "1999.12.04"]
[EventType "tourn (corr)"]
[EventRounds "6"]
[SourceTitle "Corr 2004"]
[Source "ChessBase"]
[SourceDate "2003.04.28"]
[SourceVersion "3"]
[SourceVersionDate "2003.04.28"]
[SourceQuality "1"]

1. e4 e5 2. Nf3 Nc6 3. Bb5 a6 4. Ba4 Nf6 5. 0-0 Be7 6. Re1 b5 7. Bb3 0-0 8. a4 Bb7 9. d3 d6 10. c3 Nb8 11. Nbd2 Nbd7 12. Bc2 Re8 13. Nf1 Bf8 14. Ng3 g6 15. d4 c5 16. b3 Bg7 17. d5 Qc7 18. Bd3 Qb6 19. h3 Rec8 20. Be3 1-0

[Event "IECG email"]
[Site "IECG email"]
[Date "1999.??.??"]
[Round "?"]
[White "Monacell, James P"]
[Black "Menghi, Carlo"]
[Result "1-0"]
[WhiteElo "2361"]
[BlackElo "2235"]
[PlyCount "71"]
[EventDate "1999.12.04"]
[EventType "tourn (corr)"]
[EventRounds "6"]
[SourceTitle "Corr 2004"]
[Source "ChessBase"]
[SourceDate "2003.04.28"]
[SourceVersion "3"]
[SourceVersionDate "2003.04.28"]
[SourceQuality "1"]

1. d4 Nf6 2. c4 g6 3. Nc3 d5 4. cxd5 Nxd5 5. e4 Nxc3 6. bxc3 Bg7 7. Bc4 0-0 8. Be3 c5 9. Ne2 cxd4 10. cxd4 Qa5+ 11. Bd2 Qa3 12. 0-0 Nc6 13. Rb1 Qd6 14. Bf4 Qd8 15. Be3 Na5 16. Bd3 b6 17. Qa4 e6 18. Rfc1 f5 19. exf5 exf5 20. Bd2 Bd7 21. Qa3 Be6 22. Nf4 Bf7 23. d5 Nb7 24. Bb4 Nc5 25. Bxc5 bxc5 26. Ne6 Bxe6 27. dxe6 Bd4 28. Rb7 Re8 29. Bc4 Kh8 30. Qf3 Rb8 31. Rd7 Qg5 32. Rd1 Rb2 33. Rf1 a5 34. Bb3 Qd2 35. h4 Qb4 36. Qc6 1-0